<?xml version="1.0" encoding="UTF-8"?>
<record
    xmlns:xsi="http://www.w3.org/2001/XMLSchema-instance"
    xsi:schemaLocation="http://www.loc.gov/MARC21/slim http://www.loc.gov/standards/marcxml/schema/MARC21slim.xsd"
    xmlns="http://www.loc.gov/MARC21/slim">

  <leader>01373cam a2200397   4500</leader>
  <datafield tag="999" ind1=" " ind2=" ">
    <subfield code="c">23512</subfield>
    <subfield code="d">23512</subfield>
  </datafield>
  <controlfield tag="001">vtls012138719</controlfield>
  <controlfield tag="005">20221109101454.0</controlfield>
  <controlfield tag="008">220609s2022    xo     g      000 f slo  </controlfield>
  <datafield tag="020" ind1=" " ind2=" ">
    <subfield code="a">9788082071613</subfield>
    <subfield code="q">(bro&#x17E;ovan&#xE9;)</subfield>
  </datafield>
  <datafield tag="020" ind1=" " ind2=" ">
    <subfield code="a">9788082071620</subfield>
    <subfield code="q">(e-book)</subfield>
  </datafield>
  <datafield tag="040" ind1=" " ind2=" ">
    <subfield code="a">ZKSE</subfield>
    <subfield code="b">slo</subfield>
    <subfield code="c">ZKSE</subfield>
    <subfield code="d">SNK</subfield>
    <subfield code="e">rda</subfield>
  </datafield>
  <datafield tag="041" ind1="1" ind2=" ">
    <subfield code="a">slo</subfield>
    <subfield code="h">fre</subfield>
  </datafield>
  <datafield tag="044" ind1=" " ind2=" ">
    <subfield code="a">xo</subfield>
    <subfield code="c">SK</subfield>
  </datafield>
  <datafield tag="072" ind1=" " ind2="7">
    <subfield code="a">821.133.1-3</subfield>
    <subfield code="x">Franc&#xFA;zska pr&#xF3;za, franc&#xFA;zsky p&#xED;san&#xE1;</subfield>
    <subfield code="2">konspekt</subfield>
  </datafield>
  <datafield tag="080" ind1=" " ind2=" ">
    <subfield code="a">821.133.1-31</subfield>
    <subfield code="2">2011</subfield>
  </datafield>
  <datafield tag="080" ind1=" " ind2=" ">
    <subfield code="a">316.3(0:82-31)</subfield>
    <subfield code="2">2011</subfield>
  </datafield>
  <datafield tag="100" ind1="1" ind2=" ">
    <subfield code="a">Djavadi, N&#xE9;gar,</subfield>
    <subfield code="d">1969-</subfield>
    <subfield code="4">aut</subfield>
    <subfield code="9">3762</subfield>
  </datafield>
  <datafield tag="240" ind1="1" ind2="0">
    <subfield code="a">D&#xE9;sorientale</subfield>
    <subfield code="l">Slovensky</subfield>
  </datafield>
  <datafield tag="245" ind1="1" ind2="0">
    <subfield code="a">Dezorient&#xE1;lka</subfield>
    <subfield code="c">N&#xE9;gar Djavadi ; z franc&#xFA;zskeho origin&#xE1;lu  D&#xE9;sorientale prelo&#x17E;ila A&#x148;a Ostriho&#x148;ov&#xE1;</subfield>
  </datafield>
  <datafield tag="250" ind1=" " ind2=" ">
    <subfield code="a">Prv&#xE9; vydanie</subfield>
  </datafield>
  <datafield tag="264" ind1=" " ind2="1">
    <subfield code="a">V Bratislave</subfield>
    <subfield code="b">Inaque</subfield>
    <subfield code="c">2022</subfield>
  </datafield>
  <datafield tag="300" ind1=" " ind2=" ">
    <subfield code="a">284 str&#xE1;n</subfield>
    <subfield code="c">22 cm</subfield>
  </datafield>
  <datafield tag="336" ind1=" " ind2=" ">
    <subfield code="a">text</subfield>
    <subfield code="b">txt</subfield>
    <subfield code="2">rdacontent</subfield>
  </datafield>
  <datafield tag="337" ind1=" " ind2=" ">
    <subfield code="a">bez m&#xE9;dia</subfield>
    <subfield code="b">n</subfield>
    <subfield code="2">rdamedia</subfield>
  </datafield>
  <datafield tag="338" ind1=" " ind2=" ">
    <subfield code="a">zv&#xE4;zok</subfield>
    <subfield code="b">nc</subfield>
    <subfield code="2">rdacarrier</subfield>
  </datafield>
  <datafield tag="490" ind1="1" ind2=" ">
    <subfield code="a">Pandora</subfield>
    <subfield code="v">70. zv&#xE4;zok</subfield>
  </datafield>
  <datafield tag="500" ind1=" " ind2=" ">
    <subfield code="a">Obsahuje biografick&#xE9; &#xFA;daje o autorke na zadnej strane ob&#xE1;lke</subfield>
  </datafield>
  <datafield tag="655" ind1=" " ind2="7">
    <subfield code="a">franc&#xFA;zske rom&#xE1;ny</subfield>
    <subfield code="2">SNKPH</subfield>
    <subfield code="9">2368</subfield>
  </datafield>
  <datafield tag="655" ind1=" " ind2="7">
    <subfield code="a">spolo&#x10D;ensk&#xE9; rom&#xE1;ny</subfield>
    <subfield code="2">SNKPH</subfield>
    <subfield code="9">12</subfield>
  </datafield>
  <datafield tag="655" ind1=" " ind2="7">
    <subfield code="a">French fiction</subfield>
    <subfield code="2">SNKPHeng</subfield>
    <subfield code="9">2366</subfield>
  </datafield>
  <datafield tag="655" ind1=" " ind2="7">
    <subfield code="a">Society novels</subfield>
    <subfield code="2">SNKPHeng</subfield>
    <subfield code="9">3645</subfield>
  </datafield>
  <datafield tag="700" ind1="1" ind2=" ">
    <subfield code="a">Ostriho&#x148;ov&#xE1;, A&#x148;a,</subfield>
    <subfield code="d">1980-</subfield>
    <subfield code="4">trl</subfield>
    <subfield code="9">3763</subfield>
  </datafield>
  <datafield tag="710" ind1="2" ind2=" ">
    <subfield code="a">ARThur.</subfield>
    <subfield code="b">Inague</subfield>
    <subfield code="4">pbl</subfield>
    <subfield code="9">3764</subfield>
  </datafield>
  <datafield tag="958" ind1=" " ind2=" ">
    <subfield code="a">LX</subfield>
  </datafield>
  <datafield tag="958" ind1=" " ind2=" ">
    <subfield code="a">UP</subfield>
  </datafield>
  <datafield tag="952" ind1=" " ind2=" ">
    <subfield code="0">0</subfield>
    <subfield code="1">0</subfield>
    <subfield code="2">udc</subfield>
    <subfield code="4">0</subfield>
    <subfield code="7">0</subfield>
    <subfield code="8">K</subfield>
    <subfield code="a">10000</subfield>
    <subfield code="b">10000</subfield>
    <subfield code="d">2022-11-09</subfield>
    <subfield code="g">14.00</subfield>
    <subfield code="i">21842</subfield>
    <subfield code="l">1</subfield>
    <subfield code="o">B10625</subfield>
    <subfield code="p">B10625</subfield>
    <subfield code="r">2023-04-13</subfield>
    <subfield code="s">2022-12-16</subfield>
    <subfield code="w">2022-11-09</subfield>
    <subfield code="y">KLDO</subfield>
  </datafield>
</record>
